All Formula 1 drivers to score points in sprints - Statistics

General Stats
  • This quiz has been taken 14 times
  • The average score is 18 of 22
Answer Stats
Number of points Driver % Correct
69 Lewis Hamilton
100%
143 Max Verstappen
100%
5 Alexander Albon
92%
79 Carlos Sainz
92%
91 Charles Leclerc
92%
88 George Russell
92%
19 Kimi Antonelli
92%
53 Sergio Perez
92%
9 Daniel Ricciardo
83%
13 Fernando Alonso
83%
1 Isack Hadjar
83%
10 Lance Stroll
83%
91 Lando Norris
83%
74 Oscar Piastri
83%
9 Valtteri Bottas
83%
16 Yuki Tsunoda
83%
9 Esteban Ocon
75%
8 Nico Hulkenberg
75%
12 Pierre Gasly
75%
6 Kevin Magnussen
67%
2 Liam Lawson
67%
3 Oliver Bearman
67%
No matching quizzes found
Score Distribution
Percent of People with Each Score
Percentile by Number Answered
Your Score History
You have not taken this quiz